[Event "Hradec Kralove op"]
[Site "Hradec Kralove"]
[Date "1994.??.??"]
[Round "7"]
[White "Reznicek, Pavel"]
[Black "Vavra, Radim"]
[Result "1/2-1/2"]
[WhiteElo "2060"]
[BlackElo "1925"]

1.d4 Nf6 2.c4 g6 3.Nc3 Bg7 4.e4 d6 5.Nf3 O-O 6.Be2 e5 7.dxe5 dxe5 8.Qxd8 Rxd8
9.Bg5 Re8 10.O-O-O Nbd7 11.Nb5 Rb8 12.Nxc7 Rf8 13.Nd2 h6 14.Be3 b6 15.f3 Bb7
16.Kb1 Ne8 17.Nd5 Bxd5 18.cxd5 f5 19.Rc1 Ndf6 20.Rhf1 Nd6 21.Bd3 Rbc8 22.a4 h5
23.Rxc8 Rxc8 24.Rc1 Rxc1+ 25.Kxc1 Bf8 26.a5 bxa5 27.Bxa7 Nc8 28.Bb8 Bd6 29.Bxd6 Nxd6
30.h3 Kf7 31.Kc2 Nd7 32.Nc4 Nxc4 33.Bxc4 Ke7 34.Bb5 Nc5 35.exf5 gxf5 36.h4 Nd7
37.Bd3 f4 38.Kc3 Kd6 39.Bg6 Nf6 40.Be4 Nxd5+ 41.Bxd5 Kxd5  1/2-1/2

[Event "Hradec Kralove op"]
[Site "Hradec Kralove"]
[Date "1994.??.??"]
[Round "9"]
[White "Reznicek, Pavel"]
[Black "Drbohlav, Frantisek"]
[Result "1/2-1/2"]
[WhiteElo "2065"]
[BlackElo "2040"]

1.d4 Nf6 2.c4 g6 3.Nc3 Bg7 4.e4 d6 5.Nf3 O-O 6.Be2 Nbd7 7.O-O e5 8.dxe5 dxe5
9.Qc2 c6 10.Rd1 Qe7 11.b3 a5 12.a4 Nc5 13.Ba3 Nh5 14.Ne1 Nf4 15.Nd3 Nfe6
16.Nxc5 Nxc5 17.Qd2 Re8 18.Qe3 Bf8 19.Bd3  1/2-1/2

[Event "Hradec Kralove op"]
[Site "Hradec Kralove"]
[Date "1994.??.??"]
[Round "9"]
[White "Fiedler, Brian"]
[Black "Kalousek, Vladimir"]
[Result "0-1"]
[WhiteElo "2170"]
[BlackElo "1835"]

1.d4 Nf6 2.Nf3 g6 3.c4 Bg7 4.Nc3 O-O 5.e4 d6 6.Be2 e5 7.d5 a5 8.Bg5 Nbd7
9.Nd2 h6 10.Bh4 Nc5 11.b3 Bd7 12.a3 g5 13.Bg3 Nfxe4 14.Ncxe4 Nxe4 15.Nxe4 f5
16.Bd3 fxe4 17.Bxe4 Bf5 18.Qd3 Qd7 19.f3 Bxe4 20.Qxe4 Rae8 21.O-O-O b5 22.h4 gxh4
23.Rxh4 bxc4 24.Qxc4 Qf5 25.Qe4 Qg5+ 26.Kc2 Qxg3 27.Rg4 Qf2+ 28.Rd2 Qc5+
29.Kb2 Rf4 30.Qg6 Re7  0-1

[Event "HUN-chT 9394"]
[Site "?"]
[Date "1994.??.??"]
[Round "?"]
[White "Csonkics, Tunde"]
[Black "Kerek, Csaba"]
[Result "1-0"]
[WhiteElo "2325"]
[BlackElo "2150"]

1.d4 Nf6 2.c4 g6 3.Nc3 Bg7 4.e4 d6 5.Be2 O-O 6.Nf3 e5 7.Be3 h6 8.h3 exd4
9.Nxd4 Re8 10.Qc2 Qe7 11.Bd3 Na6 12.f3 Nb4 13.Qd2 Nh5 14.O-O Qh4 15.Nde2 Nxd3
16.Qxd3 f5 17.Bf2 Qg5 18.Nd5 Be5 19.Nxc7 f4 20.Qd5+ Kh8 21.h4 Qe7 22.Nxa8 Be6
23.Qd3 Rg8 24.Rfd1 g5 25.Nd4 gxh4 26.Nxe6 Qxe6  1-0

[Event "HUN-chT 9394"]
[Site "?"]
[Date "1994.??.??"]
[Round "?"]
[White "Bauer, Peter2"]
[Black "Tegzes, Laszlo"]
[Result "1/2-1/2"]
[WhiteElo "2210"]
[BlackElo "2420"]

1.c4 g6 2.e4 Bg7 3.d4 d6 4.Nc3 Nf6 5.Be2 O-O 6.Nf3 e5 7.d5 a5 8.Bg5 Nbd7
9.Nd2 h6 10.Be3 Nc5 11.Qc2 Bd7 12.O-O-O c6 13.f3 cxd5 14.cxd5 a4 15.Kb1 Qb8
16.Bxc5 dxc5 17.Bb5 Ra5 18.Bxd7 Nxd7 19.Nc4 Ra6 20.Na3 Rc8 21.Ncb5 Bf8 22.Nc4 Nb6
23.Rd3 Nxc4 24.Qxc4 Bd6 25.Ra3 Qa8 26.Nxd6 Rxd6 27.Rxa4 Qb8 28.Ra5 Qc7 29.Rb5 b6
30.Rc1 Qe7 31.Qe2 Ra8 32.a3 Ra4 33.Rc4 Rxc4 34.Qxc4 Qh4 35.Qb3 Qxh2 36.Rxb6 Rxb6
37.Qxb6 Qxg2 38.Qb8+ Kh7 39.Qxe5 Qf1+ 40.Ka2 Qc4+ 41.b3 Qe2+ 42.Qb2 Qxf3  1/2-1/2

[Event "HUN-chT 9394"]
[Site "?"]
[Date "1994.??.??"]
[Round "?"]
[White "Marosi, Gyorgy"]
[Black "Blasovszky, Istvan"]
[Result "1-0"]
[WhiteElo "2280"]
[BlackElo "2220"]

1.Nf3 Nf6 2.c4 g6 3.Nc3 Bg7 4.e4 d6 5.d4 O-O 6.Be2 e5 7.dxe5 dxe5 8.Qxd8 Rxd8
9.Bg5 Nbd7 10.O-O-O Rf8 11.Ne1 c6 12.Nc2 Nc5 13.f3 a5 14.b3 Nfd7 15.Rd2 Ne6
16.Be3 Nf4 17.Bf1 f5 18.g3 Nh5 19.Bh3 Ndf6 20.Kb1 f4 21.Bxc8 Rfxc8 22.gxf4 Nxf4
23.Na4 Rd8 24.Rhd1 Rxd2 25.Rxd2 Ne6 26.Nb6 Rf8 27.Rd6 Nc7 28.Nd7 Nxd7 29.Rxd7 Ne6
30.Ne1 Rf7 31.Rd6 Nd4 32.Rd8+ Rf8 33.Rxf8+ Kxf8 34.Bxd4 exd4 35.Kc2 Be5 36.h3 Bg3
37.Nd3 Ke7 38.a3 b6 39.b4 axb4 40.axb4 Ke6 41.c5 b5 42.f4 Kd7 43.Kd1 Kc7
44.Ke2 Bh4 45.Kf3 Kd7 46.Kg4 Be7 47.f5 gxf5+ 48.Kxf5 Bf8 49.Kf6 Be7+ 50.Kf7 Bg5
51.e5  1-0

[Event "HUN-chT 9394"]
[Site "?"]
[Date "1994.??.??"]
[Round "?"]
[White "Kladiva, I."]
[Black "Blasovszky, Istvan"]
[Result "1/2-1/2"]
[WhiteElo "2110"]
[BlackElo "2220"]

1.d4 Nf6 2.c4 g6 3.Nc3 Bg7 4.e4 d6 5.Be2 O-O 6.Nf3 e5 7.dxe5 dxe5 8.Qxd8 Rxd8
9.Bg5 c6 10.O-O Re8 11.Rad1 Nbd7 12.Rd6 h6 13.Bh4 g5 14.Bg3 Nh5 15.Nd2 Nf4
16.Nb3 Bf8 17.Rd2 Nc5 18.Rfd1 Nxb3 19.axb3 Be6 20.Bf1 Bc5 21.h3 a5 22.Bxf4 gxf4
23.Be2 Bd4 24.Bh5 Red8 25.Ne2 c5 26.Nc3 a4 27.Nxa4 Bxc4 28.Nxc5 Rdc8 29.bxc4 Rxc5
30.Be2 Rca5 31.b4 Ra3 32.b5 Ra1 33.Kf1 b6 34.Rxa1 Rxa1+ 35.Rd1 Ra2 36.g3 f3
37.Bd3 Rxf2+ 38.Ke1 Rh2 39.Rb1 Bc3+ 40.Kf1 Rd2 41.c5 Rxd3 42.cxb6 Rd7 43.Rc1 Ba5
44.Rc8+ Kg7 45.Rb8 Kf6 46.Rc8 Rd1+ 47.Kf2 Bxb6+ 48.Kxf3 Rd6 49.Kg4 Kg7 50.Kf5 Bd4
51.Rc6 Rd7 52.g4 Rb7 53.h4 Rxb5 54.g5 hxg5 55.h5 Rb6 56.h6+ Kh7 57.Rc7 Kxh6
58.Rxf7 Rg6 59.Rd7 g4 60.Rh7+ Kxh7  1/2-1/2

[Event "HUN-chT 9394"]
[Site "?"]
[Date "1994.??.??"]
[Round "?"]
[White "Czegledi, Zsolt"]
[Black "Rozsa, Sandor"]
[Result "1-0"]
[WhiteElo "2230"]
[BlackElo "2235"]

1.d4 Nf6 2.c4 g6 3.Nc3 Bg7 4.e4 d6 5.Be2 O-O 6.Nf3 Nbd7 7.O-O e5 8.d5 Nh5
9.Bg5 f6 10.Be3 Qe7 11.g3 Nc5 12.Nh4 Bh3 13.Re1 Qd7 14.b4 Na6 15.Rb1 Rf7
16.c5 Nb8 17.Rc1 Bf8 18.c6 bxc6 19.dxc6 Qxc6 20.Qb3 Qd7 21.Bc4 Ng7 22.Bxf7+ Qxf7
23.Nd5 Be6 24.Rxc7 Bxd5 25.Qxd5 Qxd5 26.exd5 Na6 27.Rb7 g5 28.Ng2 Nf5 29.Rc1 Ne7
30.a3 Nxd5 31.Rc6  1-0

[Event "HUN-chT 9394"]
[Site "?"]
[Date "1994.??.??"]
[Round "?"]
[White "Kecskes, Gabor"]
[Black "Balogh, Bela"]
[Result "1/2-1/2"]
[WhiteElo "2195"]
[BlackElo "2235"]

1.d4 Nf6 2.c4 g6 3.Nc3 Bg7 4.e4 d6 5.Nf3 O-O 6.Be2 e5 7.O-O exd4 8.Nxd4 Nc6
9.Be3 Re8 10.f3 a6 11.Qd2 Ne5 12.Rad1 c5 13.Nc2 Be6 14.b3 Qa5 15.Nd5 Qxd2
16.Nxf6+ Bxf6 17.Rxd2 Rad8 18.Rfd1 Be7 19.Bf4  1/2-1/2

[Event "HUN-chT 9394"]
[Site "?"]
[Date "1994.??.??"]
[Round "?"]
[White "Szabolcsi, Janos"]
[Black "Czebe, Attila"]
[Result "1-0"]
[WhiteElo "2385"]
[BlackElo "2355"]

1.d4 Nf6 2.c4 g6 3.Nc3 Bg7 4.e4 d6 5.Be2 O-O 6.Nf3 Nbd7 7.O-O e5 8.h3 exd4
9.Nxd4 Re8 10.f3 Nh5 11.Be3 Nc5 12.Qd2 Be5 13.f4 Bxd4 14.Bxd4 Ng3 15.f5 Qh4
16.fxg6 hxg6 17.Rf4 Qg5 18.Bf6 Ncxe4 19.Rxe4 Nxe4 20.Bxg5 Nxd2 21.Bxd2 Bf5
22.Bf3 c6 23.Bf4 Re6 24.Rd1 Rae8 25.Kf2 f6 26.g4 Bc2 27.Rd2 g5 28.Bxd6 f5
29.Bc5 fxg4 30.Bxg4 Bf5 31.Bxf5 Rf6 32.Bxa7 Rxf5+ 33.Kg2 Rf4 34.Rd7 b5 35.cxb5 cxb5
36.Bd4  1-0

[Event "HUN-chT 9394"]
[Site "?"]
[Date "1994.??.??"]
[Round "?"]
[White "Gyimesi, Zoltan"]
[Black "Czebe, Attila"]
[Result "1/2-1/2"]
[WhiteElo "2360"]
[BlackElo "2355"]

1.d4 Nf6 2.c4 g6 3.Nc3 Bg7 4.e4 d6 5.Be2 O-O 6.Nf3 Nbd7 7.O-O e5 8.Re1 exd4
9.Nxd4 c6 10.Bf1 Re8 11.f3 d5 12.exd5 Rxe1 13.Qxe1 cxd5 14.Be3 Nb6 15.Rd1 Qe7
16.Bf2 Qxe1 17.Rxe1 dxc4 18.Ndb5 Bd7 19.Nd6 Be6 20.Bxb6 axb6 21.Bxc4 Bxc4
22.Nxc4 Bf8 23.Kf1 b5 24.Nxb5 Rxa2 25.Nc3 Ra8 26.Re5 Nd7 27.Rb5 Ra1+ 28.Ke2 Rg1
29.Kf2 Rc1 30.Rxb7 Rc2+ 31.Kg3 Nf6 32.Kh3 Nh5 33.g3 Bc5 34.Rd7 Nf6 35.Rd2 Rc1
36.Rd1 Rc2 37.Rd2 Rc1 38.Ne5 Rf1 39.Rd1 Rxd1 40.Nxd1 Nd5 41.Nd3 Bd4 42.Kg2 Kf8
43.Ne1 Nb4 44.b3 h5 45.Nf2 Ke7 46.Nfd3 Nd5 47.Nc2 Bb6 48.f4 Ke6 49.Kf3 f6
50.Na3 g5 51.h3 Bc7 52.Nc5+ Kf7 53.Nb5 Bb6 54.Nd6+ Kg8 55.Nd7 Bd8 56.f5 Be7
57.Nc8 Bd8 58.Na7 Kf7 59.Nc6 Bc7 60.Nc5 g4+ 61.hxg4 hxg4+ 62.Kxg4 Ne3+ 63.Kf3 Nxf5
64.Ne4 Ke6 65.b4 Kd5 66.b5 Kc4 67.g4 Nh4+ 68.Ke3 Kxb5 69.Ne7 Bb6+ 70.Kd3 Bd8
71.Ng8 f5 72.Nd6+ Kc6 73.Nxf5 Nxf5 74.gxf5 Kd5 75.f6 Bxf6 76.Nxf6+  1/2-1/2

[Event "HUN-chT 9394"]
[Site "?"]
[Date "1994.??.??"]
[Round "?"]
[White "Lengyel, Levente"]
[Black "Czebe, Attila"]
[Result "1/2-1/2"]
[WhiteElo "2385"]
[BlackElo "2355"]

1.Nf3 Nf6 2.c4 g6 3.Nc3 Bg7 4.d4 d6 5.e4 O-O 6.Be2 Nbd7 7.O-O e5 8.Qc2 exd4
9.Nxd4 Nc5 10.Rd1 Re8 11.f3 Nh5 12.Bf1 Be5 13.Qf2 f5 14.exf5 gxf5 15.Nb3 Ne6
16.c5 Kh8 17.cxd6 cxd6 18.Nd5 Bd7 19.Bd2 Rc8 20.Rac1 Rxc1 21.Rxc1 Ng5 22.Bc3 Be6
23.Nc7 Rg8 24.Qe3 Bxb3 25.axb3 Rg7 26.Nd5 Qg8 27.Rd1 Qe6 28.f4 Bxc3 29.Qxc3 Ne4
30.Qd4 h6 31.Be2 Nxf4 32.Bf3 Nxd5 33.Qxd5 Qf6 34.Qd4 Qxd4+ 35.Rxd4 Rc7 36.Rc4 Rc6
37.Bxe4 fxe4 38.Kf2 d5 39.Rb4 d4 40.Rxd4 Rc2+ 41.Ke3 Rxb2 42.Rd8+ Kg7 43.Rd7+ Kf6
44.Rxb7 a5 45.Rb6+ Kg7 46.Rb5 Rxg2 47.Rxa5 Rxh2 48.Kxe4 h5 49.Kf5 Rg2 50.Ra7+ Kg8
51.Ra1 h4 52.Rh1  1/2-1/2

[Event "HUN-chT 9394"]
[Site "?"]
[Date "1994.??.??"]
[Round "?"]
[White "Halasz, Tamas"]
[Black "Geller, Arpad"]
[Result "1/2-1/2"]
[WhiteElo "2390"]
[BlackElo "2300"]

1.d4 Nf6 2.Nf3 g6 3.c4 Bg7 4.Nc3 O-O 5.e4 d6 6.Be2 e5 7.O-O Nbd7 8.Be3 c6
9.d5 c5 10.Ne1 Ne8 11.g4 f5 12.exf5 gxf5 13.gxf5 Nb6 14.Bd3 Bxf5 15.Bxf5 Rxf5
16.Qg4 Rf6 17.Ng2 Rg6 18.Qe2 Qh4 19.f4 exf4 20.Bxf4 Qg4 21.Qxg4 Rxg4 22.Ne4 Nxc4
23.Kh1 Bxb2 24.Rab1 b6 25.h3 Rg7 26.Bh6 Rf7 27.Rxf7 Kxf7 28.Rf1+ Kg6 29.Bf8 Nf6
30.Nf4+ Kf7 31.Nxd6+ Nxd6 32.Bxd6 Ne4 33.Ne6+ Bf6 34.Be5 Ke7 35.Bh2 Rg8 36.Nc7 Ng3+
37.Bxg3 Rxg3 38.d6+ Kxd6 39.Ne8+ Ke7 40.Nxf6 Rxh3+ 41.Kg2 Ra3 42.Rf2 c4 43.Nxh7 b5
44.Nf6 Kd6 45.Kf1 b4 46.Ke1 b3 47.axb3 Ra1+ 48.Kd2 Ra2+ 49.Kc3  1/2-1/2

[Event "HUN-chT 9394"]
[Site "?"]
[Date "1994.??.??"]
[Round "?"]
[White "Horvath, Julia"]
[Black "Tenyi, Jozsef"]
[Result "1/2-1/2"]
[WhiteElo "2250"]
[BlackElo "2350"]

1.d4 Nf6 2.c4 d6 3.Nc3 e5 4.Nf3 Nbd7 5.e4 g6 6.Be2 Bg7 7.O-O O-O 8.d5 Nc5
9.Qc2 a5 10.Bg5 h6 11.Be3 b6 12.h3 Nh5 13.Qd2 Kh7  1/2-1/2

[Event "HUN-chT2 9394"]
[Site "?"]
[Date "1994.??.??"]
[Round "?"]
[White "Kovacs, Elod"]
[Black "Sinkovics, Peter"]
[Result "0-1"]
[WhiteElo "2240"]
[BlackElo "2395"]

1.d4 Nf6 2.c4 g6 3.Nc3 Bg7 4.e4 d6 5.Nf3 O-O 6.Be2 Nbd7 7.O-O e5 8.d5 Nc5
9.Qc2 a5 10.Be3 Ng4 11.Bxc5 dxc5 12.Rad1 f5 13.Ne1 Nf6 14.exf5 gxf5 15.Qd2 Ne8
16.Nc2 Ra6 17.Na4 Qe7 18.Qe3 b6 19.f4 Nd6 20.Nc3 Bd7 21.Rf3 Raa8 22.Rg3 Rae8
23.Bf1 Kh8 24.Re1 Qh4 25.Rf3 exf4 26.Qxf4 Qxf4 27.Rxf4 Rxe1 28.Nxe1 Bd4+
29.Kh1 Be3 30.Rf3 f4 31.h3 Nf5 32.Bd3 Ng3+ 33.Kh2 Bd2 34.Nc2 Re8 35.Nb5 Bxb5
36.cxb5 Bc1 37.b3 Re5 38.Bc4 Kg7 39.Kg1 Kf6 40.Kf2 Ne4+ 41.Kg1 Kg5 42.Rd3 Nd6
43.Rd1 Be3+ 44.Kh2 Nxc4 45.bxc4 Bf2 46.Rd2 Bg3+ 47.Kg1 Re4 48.Kf1 Kf5 49.Rd1 Rxc4
50.Ne1 Bxe1 51.Rxe1 Re4 52.Rd1 Ke5 53.h4 h5 54.Kf2 Re3 55.Rd2 c4 56.Kf1 Rd3
57.Re2+ Kxd5 58.Re7 Kc5 59.Rf7 Kxb5 60.Rxf4 a4 61.Ke2 Ra3 62.g4 hxg4 63.Rxg4 Rxa2+
64.Kd1 Rh2 65.Kc1 a3  0-1

[Event "HUN-chT2 9394"]
[Site "?"]
[Date "1994.??.??"]
[Round "?"]
[White "Reiter, Laszlo"]
[Black "Forgacs, Attila"]
[Result "0-1"]
[WhiteElo "2090"]
[BlackElo "2170"]

1.c4 Nf6 2.Nc3 g6 3.d4 Bg7 4.e4 d6 5.Nf3 O-O 6.Be2 e5 7.d5 a5 8.O-O Na6 9.h3 Nc5
10.Qc2 Bd7 11.Be3 Nh5 12.g4 Nf4 13.Kh2 f5 14.Bxf4 exf4 15.exf5 gxf5 16.g5 Ne4
17.Nxe4 fxe4 18.Qxe4 Bf5 19.Qxf4 Bxh3 20.Qh4 Bxf1 21.Rxf1 Qe7 22.Bd1 Rae8
23.Kg2 Qe4 24.Qxe4 Rxe4 25.b3 h6 26.gxh6 Bxh6 27.Rh1 Kg7 28.Rh5 Ref4 29.Rh3 R8f6
30.Bc2 Kf7 31.Rg3 Ke7 32.Rh3 Rg4+ 33.Kf1 Rgf4 34.Kg2 Rg4+ 35.Kf1 Rgf4 36.Kg2 Kd7
37.Rg3 c6 38.dxc6+ bxc6 39.Rh3 Kc7 40.Bd1 d5 41.cxd5 cxd5 42.Rh5 Kd6 43.Kg3 Bf8
44.Kg2 Rg6+ 45.Kf1 Bg7 46.Rh3 Bc3 47.Bc2 Rgf6 48.Kg2 Kc5 49.Bd1 Kb4 50.a4 Ka3
51.Rh5 d4 52.Kg3 R4f5 53.Rh4 Rd5 54.Kg2 Kb2 55.Rh1 Rg6+ 56.Kf1 d3 57.Ng1 Kc1
58.Bf3 Re5  0-1

[Event "HUN-chT2 9394"]
[Site "?"]
[Date "1994.??.??"]
[Round "?"]
[White "Reiter, Laszlo"]
[Black "Berecz, Arpad"]
[Result "0-1"]
[WhiteElo "2090"]
[BlackElo "2205"]

1.c4 Nf6 2.Nc3 d6 3.d4 g6 4.e4 Bg7 5.Nf3 O-O 6.Be2 e5 7.d5 c5 8.dxc6 Nxc6
9.O-O Qa5 10.Bg5 Be6 11.Qd2 Rfd8 12.Rfd1 a6 13.a3 Rac8 14.b4 Qc7 15.Rac1 Qd7
16.Bxf6 Bxf6 17.Nd5 Bxd5 18.Qxd5 Qe6 19.h3 Kf8 20.Rc2 Nd4 21.Nxd4 Qxd5 22.cxd5 exd4
23.Rdc1 Rc3 24.Rxc3 dxc3 25.Bd3 Rc8 26.Rc2 Bg5 27.Kf1 Ke7 28.g3 Bd2 29.Ke2 g5
30.Kf3 h5 31.Kg2 Kf6 32.Be2 Rh8 33.f3 Ke5 34.g4 hxg4 35.hxg4 Kd4 36.Bf1 Ke3
37.Bc4 Ra8 38.a4 Kd4 39.Bf1 a5 40.b5 Kc5 41.Be2 Kb4 42.Bd1 Rh8 43.Ra2 Rc8
44.Kf2 Rc4 45.Ke2 Rd4 46.Rc2 f6 47.Ra2 b6 48.Rc2 Ka3 49.Kf2 Rxa4 50.Rxd2 cxd2
51.Bxa4 Kxa4 52.Ke2 d1=Q+ 53.Kxd1 Kxb5 54.Kd2 Kc4 55.f4 gxf4 56.e5 fxe5 57.g5 Kxd5
58.g6 Ke6 59.g7 Kf7  0-1

[Event "HUN-chT2 9394"]
[Site "?"]
[Date "1994.??.??"]
[Round "?"]
[White "Suranyi, Pal"]
[Black "Katona, Marton"]
[Result "1/2-1/2"]
[WhiteElo "2205"]
[BlackElo "2190"]

1.d4 Nf6 2.c4 g6 3.Nc3 Bg7 4.e4 d6 5.Be2 O-O 6.Nf3 e5 7.Be3 Ng4 8.Bg5 f6
9.Bh4 Nc6 10.d5 Ne7 11.Nd2 Nh6 12.f3 Nf7 13.b4 a5 14.bxa5 Rxa5 15.Nb3 Ra8
16.c5 g5 17.Bf2 f5 18.a4 f4 19.a5 Bd7 20.a6 bxa6 21.Bxa6 Ng6 22.c6 Bc8 23.Bxc8 Rxc8
24.Ra7 g4 25.fxg4 Nh4 26.O-O Ng6 27.Nd2 Ra8 28.Rxa8 Qxa8 29.Qa4 Qc8 30.h3 Ng5
31.Nf3 Nxf3+ 32.gxf3 Bf6 33.Qd1 Qd8 34.Ne2 Nh4 35.Be1 h5 36.Kh2 hxg4 37.fxg4 Bg5
38.Ng1 Qa8 39.Nf3 Nxf3+ 40.Qxf3 Rb8 41.Qd3 Qa4 42.Rf3 Rb2+ 43.Kg1  1/2-1/2

[Event "HUN-chT2 9394"]
[Site "?"]
[Date "1994.??.??"]
[Round "?"]
[White "Ezsol, Miklos"]
[Black "Kocsis, Gyorgy"]
[Result "1/2-1/2"]
[WhiteElo "2285"]
[BlackElo "2285"]

1.d4 Nf6 2.Nf3 g6 3.c4 Bg7 4.Nc3 O-O 5.e4 d6 6.Be2 e5 7.dxe5 dxe5 8.Be3 Qe7
9.O-O c6 10.Qc2 h6 11.h3 Nbd7 12.a3 Nh5 13.Rad1 Nf4 14.Qd2 Nxe2+ 15.Nxe2 Nc5
16.Qb4 b6 17.Bxc5 bxc5 18.Qa4 Be6 19.Nc3 Rab8 20.Rd2 Rb6 21.Re1 Rfb8  1/2-1/2

[Event "HUN-chT2 9394"]
[Site "?"]
[Date "1994.??.??"]
[Round "?"]
[White "Reiter, Laszlo"]
[Black "Kosztolanczi, Gyula"]
[Result "0-1"]
[WhiteElo "2090"]
[BlackElo "2210"]

1.c4 Nf6 2.Nc3 g6 3.d4 Bg7 4.e4 d6 5.Nf3 O-O 6.Be2 e5 7.Bg5 h6 8.Bxf6 Qxf6
9.dxe5 dxe5 10.Nd5 Qd8 11.O-O Nc6 12.Qd2 Bg4 13.Rad1 Bxf3 14.Bxf3 Nd4 15.Be2 c6
16.Nc3 Qa5 17.Rfe1 Rfe8 18.Qc1 b5 19.cxb5 cxb5 20.Qb1 Bf8 21.Bf1 Bb4 22.Re3 Rac8
23.Nd5 Kg7 24.Rg3 Rc6 25.Rgd3 Rec8 26.h4 Rc2 27.a3 Bf8 28.Nc3 Bxa3 29.R3d2 Rxd2
30.Rxd2 Bxb2 31.Qxb2 Qxc3 32.Qa2 a5 33.Rd3 Qc7 34.f4 Ne6 35.fxe5 Qc5+ 36.Kh1 Qxe5
37.Rd5 Qxe4 38.Qb2+ Kh7 39.Rxb5 Qxh4+ 40.Kg1 Qd4+ 41.Qxd4 Nxd4 42.Rxa5 Rc1
43.Kf2 Rc2+ 44.Kg1 Ne6 45.Ra7 Ng5 46.Bd3 Rc3 47.Bb5 Kg7 48.Be8 Rc2 49.Rb7 Re2
50.Bc6 Kf6 51.Bd5 h5 52.Bc4 Rd2 53.Ra7 h4 54.Kf1 Ne6 55.Bb3 g5 56.Bc4 g4
57.Be2 Rd4 58.Ra5 Ng5 59.Ra6+ Kf5 60.Rh6 h3 61.Rh4 Ra4 62.gxh3 Ra1+ 63.Kf2 Nxh3+
64.Ke3 Ra3+ 65.Kd2 Nf2 66.Ke1 Nd3+ 67.Kd2 Ne5 68.Rh1 Ke4 69.Rb1 Ra2+ 70.Ke1 Nf3+
71.Bxf3+ Kxf3 72.Kf1 f5 73.Rb3+ Kf4 74.Rb4+ Kg5 75.Rb5 g3 76.Rc5 Kg4  0-1

[Event "JUG-chT"]
[Site "Igalo"]
[Date "1994.??.??"]
[Round "?"]
[White "Poluljahov, Aleksandr"]
[Black "Beliavsky, Alexander G"]
[Result "1/2-1/2"]
[WhiteElo "2485"]
[BlackElo "2640"]

1.d4 Nf6 2.Nf3 g6 3.c4 Bg7 4.Nc3 d6 5.e4 O-O 6.Be2 e5 7.d5 a5 8.h3 Na6 9.Bg5 Nc5
10.Nd2 c6 11.O-O Qe8 12.b3 Bd7 13.a3 cxd5 14.cxd5 b5 15.b4 axb4 16.axb4 Na4
17.Ra3 Nxc3 18.Rxc3 h5 19.Be3 Nh7 20.Rc7 Kh8 21.Nb3 Ra4 22.Bd2 Qd8 23.Qc1 f5
24.exf5 gxf5 25.Rb7 f4 26.f3  1/2-1/2

[Event "JUG-chT"]
[Site "Igalo"]
[Date "1994.??.??"]
[Round "?"]
[White "Dokhoian, Yury"]
[Black "Nevednichy, Vladislav"]
[Result "1-0"]
[WhiteElo "2580"]
[BlackElo "2470"]

1.d4 d6 2.Nf3 g6 3.c4 Bg7 4.Nc3 Nf6 5.e4 O-O 6.Be2 e5 7.d5 a5 8.Bg5 h6 9.Bh4 Na6
10.Nd2 h5 11.Bg5 Qe8 12.O-O Kh8 13.Kh1 Bd7 14.Rc1 Ng8 15.b3 Bh6 16.Bxh6 Nxh6
17.a3 Qe7 18.Nf3 Kg7 19.Qc2 f5 20.exf5 Bxf5 21.Qb2 Nc5 22.Rcd1 Bg4 23.Nb5 Rf4
24.Ng1 Raf8 25.f3 Bc8 26.b4 axb4 27.axb4 Na6 28.Bd3 R4f7 29.Rfe1 Bd7 30.Nc3 h4
31.h3 Kh7 32.Ne4 Bf5 33.Qd2 Bxe4 34.Rxe4 Nb8 35.Ne2 Kg7 36.Nd4 Rh8 37.Ne6+ Kg8
38.Qf2 g5 39.Ra1 Nd7 40.Ra8+ Nf8 41.Qa7  1-0

[Event "JUG-chT"]
[Site "Igalo"]
[Date "1994.??.??"]
[Round "?"]
[White "Prudnikova, Svetlana"]
[Black "Richtrova, Eliska"]
[Result "1-0"]
[WhiteElo "2385"]
[BlackElo "2370"]

1.d4 d6 2.Nf3 Nd7 3.c4 e5 4.e4 g6 5.Nc3 Bg7 6.Be2 Ngf6 7.O-O O-O 8.Be3 Re8
9.d5 Nc5 10.Nd2 a5 11.a3 Bd7 12.b4 axb4 13.axb4 Na6 14.Qb3 Ng4 15.Bxg4 Bxg4
16.c5 c6 17.cxd6 Qxd6 18.b5 cxb5 19.Nxb5 Qe7 20.f3 Bd7 21.Rfc1 Rac8 22.Na7 Rb8
23.Nc4 Red8 24.Na5 Be8 25.Rab1 Rd7 26.N7c6 bxc6 27.Nxc6 Rxb3 28.Nxe7+ Rxe7
29.Rxb3 Bf8 30.Rb6 Ra7 31.Ra1  1-0

[Event "JUG-chT"]
[Site "Igalo"]
[Date "1994.??.??"]
[Round "?"]
[White "Mozetic, Dejan"]
[Black "Martinovic, Slobodan"]
[Result "1/2-1/2"]
[WhiteElo "2585"]
[BlackElo "2455"]

1.d4 Nf6 2.c4 g6 3.Nc3 Bg7 4.e4 d6 5.Nf3 O-O 6.Be2 e5 7.Be3 c6 8.Qd2 exd4
9.Nxd4 Re8 10.f3 d5 11.exd5 cxd5 12.Rd1 Nc6 13.c5 Bd7 14.O-O a6 15.Rfe1 Qe7
16.Bf2 Qf8 17.Nxc6 bxc6 18.Na4 Be6 19.Nb6 Ra7 20.b4 Nh5 21.Bf1 Bh6 22.Qc2 Ree7
23.a4 Nf4 24.a5 Bg5 25.Qa4 Rec7 26.Bd4 Qh6 27.g3 Nh5 28.Be5 Be3+ 29.Kg2 d4
30.Bxc7 Rxc7 31.Rxe3 Qxe3 32.Rd3 Qe1 33.Rd1 Qe3  1/2-1/2

[Event "IND-ch"]
[Site "?"]
[Date "1994.??.??"]
[Round "4"]
[White "Ravi, Lanka"]
[Black "Tilak, Sharad S"]
[Result "1-0"]
[WhiteElo "2425"]
[BlackElo "2360"]

1.Nf3 Nf6 2.c4 g6 3.Nc3 Bg7 4.e4 d6 5.d4 O-O 6.Be2 e5 7.d5 a5 8.Bg5 Na6 9.Nd2 h6
10.Bh4 Qe8 11.O-O Bd7 12.Kh1 Nh7 13.Nb5 Bf6 14.Bg3 h5 15.f3 h4 16.Bf2 Bg5
17.a3 Qe7 18.Nb3 a4 19.Nc1 f5 20.exf5 gxf5 21.Qxa4 Nf6 22.Qb3 Kh8 23.f4 Bxf4
24.Bxh4 Rf7 25.g3 Bh6 26.Nd3 Rh7 27.Nc3 b6 28.Ne4 Bg7 29.Ng5 Rh6 30.Rae1 Rf8
31.Bf3 Qe8 32.Nf4 Nc5 33.Qd1 Qc8 34.b4 exf4 35.bxc5 bxc5 36.Re7 fxg3 37.hxg3 Kg8
38.Qe1 Ng4 39.Bxg4 fxg4 40.Kg2 Rxf1 41.Qxf1 Bf6 42.Nf7 Bxe7 43.Nxh6+ Kh7
44.Bxe7 Kxh6 45.Qf6+ Kh7 46.Qf7+  1-0

[Event "IND-ch"]
[Site "?"]
[Date "1994.??.??"]
[Round "4"]
[White "Prakash, G B."]
[Black "Koshy, Varugeese"]
[Result "1-0"]
[WhiteElo "2385"]
[BlackElo "2415"]

1.d4 g6 2.c4 Bg7 3.Nc3 d6 4.e4 e5 5.Nf3 Nd7 6.Be2 Ngf6 7.O-O O-O 8.Be3 c6
9.d5 Ng4 10.Bg5 f6 11.Bh4 c5 12.Nd2 Nh6 13.a3 g5 14.Bg3 f5 15.exf5 Nxf5 16.Nde4 h6
17.b4 b6 18.Rb1 Nf6 19.bxc5 bxc5 20.Nxf6+ Bxf6 21.Ne4 Be7 22.Bg4 Kg7 23.h3 Nd4
24.Rb2 Qc7 25.Qd3 Rb8 26.Rxb8 Qxb8 27.Rb1 Qc7 28.f3 Ba6 29.Bf2 Rb8 30.Ng3 Rxb1+
31.Qxb1 Bf8 32.Bxd4 exd4 33.Be6 Kh8 34.Qf5 Bg7 35.Nh5 Bc8 36.Bxc8 d3  1-0

[Event "IND-ch"]
[Site "?"]
[Date "1994.??.??"]
[Round "14"]
[White "Murugan, Krishnamoorthy"]
[Black "Joshi, G B."]
[Result "1-0"]
[WhiteElo "2410"]
[BlackElo "2320"]

1.d4 g6 2.c4 Bg7 3.Nf3 d6 4.Nc3 Nf6 5.e4 O-O 6.Be2 e5 7.O-O Na6 8.Re1 Qe8
9.Bg5 h6 10.Bxf6 Bxf6 11.c5 Bg4 12.Nd5 Bd8 13.Qb3 Bc8 14.cxd6 cxd6 15.Bb5 Qe6
16.Bc4 Qe8 17.dxe5 dxe5 18.Qc3 Be6 19.Qxe5 Nb4 20.Qc3 Nc6 21.Rac1 Rc8 22.Qe3 Kg7
23.a3 a6 24.b4 Bg4 25.Nd4 Qe5 26.Nb3 Ne7 27.f4 Nxd5 28.Bxd5 Qe7 29.h3 Be6
30.Rxc8 Bxc8 31.Kh2 Bc7 32.g3 h5 33.Rc1 Bb8 34.h4 Kh7 35.e5 Qd7 36.Bg2 Qe7
37.Nc5 f5 38.Re1  1-0

[Event "Iraklio Schev"]
[Site "Iraklio"]
[Date "1994.??.??"]
[Round "3"]
[White "Lirindzakis, Timotheos"]
[Black "Georgiev, Krum"]
[Result "1-0"]
[WhiteElo "2400"]
[BlackElo "2465"]

1.d4 g6 2.c4 Bg7 3.Nc3 d6 4.e4 Nf6 5.Nf3 O-O 6.Be2 e5 7.d5 a5 8.Bg5 Na6 9.Nd2 Bd7
10.O-O Kh8 11.a3 Qe8 12.Kh1 a4 13.Nb5 c6 14.dxc6 bxc6 15.Nc3 Nc5 16.Be3 Ne6
17.Nxa4 Rxa4 18.Qxa4 d5 19.f3 Nh5 20.cxd5 cxd5 21.Qd1 d4 22.Bf2 f5 23.Re1 Bc6
24.Bf1 Qa8 25.Rc1 Bb7 26.Qb3 Nhf4 27.g3 fxe4 28.Nxe4 Bd5 29.Qd1 Nh5 30.Kg1 Nf6
31.Bg2 Bh6 32.Nxf6 Rxf6 33.Rxe5 Bxc1 34.Qxc1 Bxf3 35.Rxe6 Rxe6 36.Bxf3  1-0

[Event "Iraklio Schev"]
[Site "Iraklio"]
[Date "1994.??.??"]
[Round "5"]
[White "Vragoteris, Antonios"]
[Black "Zysk, Robert"]
[Result "1-0"]
[WhiteElo "2300"]
[BlackElo "2445"]

1.Nf3 g6 2.c4 Bg7 3.Nc3 d6 4.d4 Nf6 5.e4 O-O 6.Be2 e5 7.d5 a5 8.Bg5 h6 9.Bh4 Na6
10.Nd2 Qe8 11.O-O Bd7 12.Re1 Nc5 13.b3 Nh7 14.a3 f5 15.exf5 Bxf5 16.b4 axb4
17.axb4 Rxa1 18.Qxa1 Na6 19.Qa3 g5 20.Bg3 Qg6 21.c5 Nf6 22.c6 bxc6 23.dxc6 Nb8
24.b5 h5 25.h4 gxh4 26.Bxh4 Kh8 27.Bf3 Bh6 28.Nde4 Nxe4 29.Nxe4 Bg4 30.Bxg4 Qxg4
31.Qg3 Qf5 32.Qh3 Qg6 33.Bg3 Bg7 34.Bh2 Qf7 35.f3 Kg8 36.Ng5 Qg6 37.Qe6+ Qxe6
38.Nxe6 Rc8 39.Ra1 Bh6 40.f4 Kf7 41.Ng5+ Bxg5 42.fxg5 Ke6 43.Bg3 Rg8 44.Ra8 h4
45.Bxh4 d5 46.Bg3 Rxg5 47.Bh2 Nxc6 48.Ra6 Kf5 49.Rxc6 Rg7 50.Kf2 Ke4 51.Re6 Rg5
52.Rxe5+ Rxe5 53.Bxe5 Kxe5 54.Ke3 c5 55.b6  1-0

[Event "Isle of Man op"]
[Site "Isle of Man"]
[Date "1994.??.??"]
[Round "7"]
[White "Pein, Malcolm"]
[Black "Ryan, Joseph"]
[Result "1-0"]
[WhiteElo "2420"]
[BlackElo "2270"]

1.d4 Nf6 2.Nf3 g6 3.c4 Bg7 4.Nc3 O-O 5.e4 d6 6.Be2 Na6 7.O-O e5 8.Re1 exd4
9.Nxd4 Re8 10.f3 Nh5 11.Be3 f5 12.Qd2 f4 13.Bf2 Be5 14.Red1 c6 15.Rab1 Qf6
16.b4 Bd7 17.Rb3 Kh8 18.a4 g5 19.Nf5 Bxf5 20.exf5 Qxf5 21.Ne4 Nf6 22.b5 Nc7
23.bxc6 bxc6 24.Nxd6 Bxd6 25.Qxd6 Rxe2 26.Qxc7 Qc2 27.Rb8+ Rxb8 28.Qxb8+ Re8
29.Qb1 Re2 30.Qxc2 Rxc2 31.Bxa7 Rxc4 32.Ra1 Nd5 33.a5 Nb4 34.a6 c5 35.h3 Nc2
36.Rc1 Rc3 37.Bb8 Ra3 38.Rxc2 Rxa6 39.Rxc5 h6 40.Be5+ Kh7 41.Kh2 Kg6 42.Bc3 Kh5
43.Rd5 Re6 44.Kg1 Rc6 45.Be5 Kh4 46.Rd6 Rc1+ 47.Kh2 h5 48.g3+  1-0